Es el aire un enigma? /

Guardado en:
Autor Corporativo: Videoteca CEA.
Formato: Deslizar
Series:El aire
Materias:
Etiquetas: Agregar Etiqueta
Sin Etiquetas, Sea el primero en etiquetar este registro!
LEADER 00932ngm a22002775g 4500
001 CEM.cems021813
008 130507b1993##################0###0#####d
005 20240913170906.0
245 1 0 |a Es el aire un enigma? /  |c Videoteca CEA. 
300 |a 14 
490 0 |a El aire 
500 |a En soporte VHS, consultar en ventanilla. 
505 0 |a El aire: composición. Evolución y descubrimientos en el campo de la física. Leyes y principios. Aerodinámica. Máquina de vapor. Atmósfera. 
538 |a Soporte: VHS - Norma: Pal N - Color - Grabación DRD 1993 - Hitachi=0000 
110 2 |a Videoteca CEA. 
082 5 3 |/ CEA-3 
653 |a FISICA 
653 |a AIRE 
653 |a AERODINAMICA 
653 |a MAQUINA DE VAPOR 
653 |a ATMOSFERA 
653 |a CLIMATOLOGIA 
653 |a CLIMA 
653 |a NIVEL INICIAL 
653 |a NIVEL SECUNDARIO 
859 |a CEMS  |b BIB. CEMS - Depto. Recursos Didacticos  |h 530  |i CEA-3  |k DRD  |p 456.12  |t Ej.1